000 00810nam a2200181 a 4500
005 20140129092020.0
008 140129b2007 ck ||||| |||| 00| 0 spa d
041 _aspa
044 _ack
090 _aIAVH
_b00977
245 _aFilandia gira urbana
260 _aBogotá
_bInstituto Alexander von Humboldt
_c2007
300 _aPlegable
520 _aHace parte del conjunto de materiales de apoyo para promover la participación activa de los visitantes. Su objetivo es conocer lugares, personas y logros de los procesos de conservación de la biodiversidad en paisajes rurales que se han realizado en el marco del Proyecto Andes. Este propone las actividades para las dos primeras estaciones de la gira: el parque y el mirador
650 _aPlegable
_95420
650 _aFilandia
_95656
942 _cCD-ROM
_2z
999 _c6390
_d6390